000 00438 a2200157 4500
003 OSt
005 20240110161751.0
008 240110b |||||||| |||| 00| 0 eng d
020 _a9789382581178
040 _coclc
082 _a297
_bMOU/C
245 _aChaithanyamulla Namaskaram /
_cK C Muhammed Moulavi
260 _aKerala:
_bDa'wa books,
_c2017.
300 _a46p
942 _2ddc
_cBK
_h297
_iMOU/C
_k297
_mMOU/C
999 _c43047
_d43047